000
00208nam a22000857a 4500
008
161228b xxu||||| |||| 00| 0 eng d
100
_9
2226
_a
Ncert
245
_a
Moments English IX
260
_a
New Delhi
_b
NCERT
_c
2007
999
_c
5115
_d
5115